|
|
|
|
| LEADER |
00784nam a2200265 4500 |
| 001 |
DLU110128400 |
| 005 |
##20111124 |
| 040 |
# |
# |
|a DLU
|b vie
|
| 041 |
# |
# |
|a vie
|
| 044 |
# |
# |
|a vn
|
| 100 |
# |
# |
|a Đinh Quang Hải,
|c TS.
|
| 245 |
# |
# |
|a Phong trào làng mới ở Hàn Quốc /
|c Đinh Quang Hải.
|
| 653 |
# |
# |
|a Bảo vệ môi trường
|
| 653 |
# |
# |
|a Hiện đại hóa nông thôn
|
| 653 |
# |
# |
|a Phát triển nông thôn
|
| 773 |
# |
# |
|t Nghiên cứu Đông Bắc Á
|g Số 8(114), 2010, tr. 55-60
|
| 920 |
# |
# |
|a Phòng Tạp chí -- Trung tâm Thông tin - Thư viện Trường Đại học Đà Lạt
|
| 994 |
# |
# |
|a DLU
|
| 900 |
# |
# |
|a True
|
| 911 |
# |
# |
|a Nguyễn Thị Linh Chi
|
| 925 |
# |
# |
|a G
|
| 926 |
# |
# |
|a A
|
| 927 |
# |
# |
|a BB
|
| 980 |
# |
# |
|a Thư viện Trường Đại học Đà Lạt
|